000 00799nam a2200229 a 4500
003 OSt
005 20240418131828.0
008 240418s2022 MX ||||| |||| 00| 0 SPA d
040 _cCHAP
_erda
090 _aFolleto 18551
100 0 _949715
_aGómez González, Gerardo
245 0 0 _aInforme de labores :
_bperiodo 11 de noviembre de 2002 al 9 de mayo de 2003 /
_cpor Gerardo Gómez González.
250 _aPrimera edición
264 1 _aChapingo, Méx. :
_bUACH. Rectoria,
_c2022.
300 _a1 hoja desplegable :
_bilustraciones.
336 _2rdacontent
_atexto
_btxt
337 _2rdamedia
_asin medio
_bn
338 _2rdacarrier
_avolumen
_bnc
650 4 _9115801
_aUACH
_xAdministración
650 4 _9128937
_aUACH
_vInformes
942 _2Clasificación Universidad Autónoma Chapingo
_cFOLL
999 _c219856
_d219856